00465nam a2200109Ia 4500008004100000100003400041245011000075260006300185650001400248999001900262952007400281160725s9999 xx 000 0 und d aGutierrez-Tangog, Marjorie S. aOrganizational commitment in relation to leadership behaviors and the achievement of institutional goals. bKaizen Research Journal College of EducationcJanuary 2014 aEDUCATION c298005d298005 001040aAbAcARd2016-07-25l0r2016-07-25 00:00:00w2016-07-25ySV